000 00430nam a2200145 a 4500
001 000027667
005 20240307073947.0
040 _aDO-SdBNP
_bspa
_cBNPHU
082 _axxx
_bI35c
110 1 _aUniversidad Autónoma de Santo Domingo
_972951
245 1 0 _aInauguración de la ciudad universitaria.
260 _aCiudad Trujillo, República Dominicana :
_bPol Hermano,
_c1946.
300 _a49 p. :
_bretrs. ;
_c23 cm.
049 _aBNPD
999 _c27159
_d27159